000 00642nam a2200253Ia 4500
003 OSt
005 20221007074620.0
006 a|||||r|||| 00| 0
007 ta
008 221006b |||||||| |||| 00| 0 eng d
024 _a7,757
037 _cTextual
040 _aFLL
_cFLL
_beng
041 _2eng
_aeng
082 _aXM55:Z2, M7.2
100 _aSethna Jehangir M.J.
245 0 _aIndian company law
250 _a10th
260 _aNagpur
_bWadhwa & Company India
_c1987
300 _axx,1196p
_ccm.
490 _v2
942 _hXM55:Z2, M7.2
_cTEXL
_2CC
999 _c1153067
_d1153067